Normal view
MARC view
- Families
Entry Topical Term
001 - CONTROL NUMBER
- control field: 11595
003 - CONTROL NUMBER IDENTIFIER
- control field: NUST
005 - DATE AND TIME OF LATEST TRANSACTION
- control field: 20180712052921.0
008 - FIXED-LENGTH DATA ELEMENTS
- fixed length control field: 180712|| aca||aabn | a|a d
040 ## - CATALOGING SOURCE
- Original cataloging agency: NUST
- Transcribing agency: NUST
150 ## - HEADING--TOPICAL TERM
- Topical term or geographic name entry element: Families
- Geographic subdivision: New England
- Form subdivision: Juvenile fiction.
670 ## - SOURCE DATA FOUND
- Source citation: Work cat.: (NUST)173024: Alcott, Louisa May, 1832-1888. 8240, Little women and Good wives /, 1992.
